[Event "BCF-chT3 0809 (4NCL)"]
[Site "Hinckley Island"]
[Date "2008.10.19"]
[Round "2.4"]
[White "McMahon, Paul"]
[Black "Faulkes, Nick"]
[Result "1-0"]
[WhiteElo "2018"]
[BlackElo "2100"]
[PlyCount "79"]
[EventDate "2008.10.18"]
[EventType "team-swiss"]
[EventRounds "11"]
[EventCountry "ENG"]
[SourceTitle "EXT 2010"]
[Source "ChessBase"]
[SourceDate "2010.11.25"]
[SourceVersion "1"]
[SourceVersionDate "2010.11.25"]
[SourceQuality "1"]
[WhiteTeam "Poisoned Pawns II"]
[BlackTeam "WRO II"]
[WhiteTeamCountry "ENG"]
[BlackTeamCountry "ENG"]

1. Nc3 c5 2. Nf3 e6 3. d4 cxd4 4. Nxd4 h6 5. g3 Nf6 6. Bg2 Bc5 7. Be3 Ng4 8. Qd3 Nxe3 9. Qxe3 Qb6 10. 0-0-0 Nc6 11. Na4 Qb4 12. Nxc5 Qxc5 13. c3 0-0 14. Kb1 d5 15. f4 b5 16. Qf3 Rb8 17. e4 b4 18. Nb3 Qc4 19. exd5 bxc3 20. Qxc3 Qxc3 21. bxc3 Na5 22. Kc2 Nc4 23. Rhe1 Na3+ 24. Kb2 Nc4+ 25. Kc2 Na3+ 26. Kc1 Bb7 27. Be4 Nb5 28. Kb2 Rfc8 29. Rd3 a5 30. dxe6 a4 31. exf7+ Kf8 32. Bxb7 Rxb7 33. Re8+ Rxe8 34. fxe8Q+ Kxe8 35. Nc5 a3+ 36. Kc2 Rb6 37. Nb3 Nd6 38. Rd4 Nf5 39. Ra4 Rd6 40. Nd4 1-0